000 00292nam a22001337a 4500
008 170225b xxu||||| |||| 00| 0 eng d
020 _a20443084815
041 _aeng
080 _22ND
_a617
100 _a5
101 _aSHK
245 _aOPERATIVE HAND SURGERY
_cGREEN, D.P
942 _2udc
_cBK
999 _c6249
_d6249